Statistics for World Geographic Math

Click here to take the quiz!

General Stats

  • This quiz has been taken 53 times
  • The average score is 8 of 15

Answer Stats

Number of...Number of...Answer% Correct
U.S. States+Countries in the UK54
90%
Cities in Belgium over 1m/Countries Lesotho borders1
90%
OceansxCountries bordering the USA10
88%
Number of Countries in the worldSquare Rooted14
84%
Seas Sinbad had sailedxContinents49
69%
Baltic CountriesSquared9
67%
Australian Cities over 1m-Nordic Countries0
61%
South American Countries/Countries that speak Italian3
61%
Countries in the Warsaw Pact/Countries that start with Z4
43%
Countries in the MaghrebxCommunist Countries in 202120
41%
Amount of Republics in the USSR-Modern countries in the Incan Empire9
35%
Countries that speak Portuguese+Countries in Oceania23
33%
Mountains over 8,000 Meters+National Languages of Switzerland18
33%
Official Languages in FinlandxMexican States64
16%
Countries in NATOxFormer Yugoslavian Countries210
14%

Score Distribution

Percentile by Number Answered

Percent of People with Each Score

Your Score History

You have not taken this quiz